|
|
|
|
| LEADER |
01435nam a2200385 a 4500 |
| 001 |
35372 |
| 003 |
BD-DhAAL |
| 005 |
20211129154008.0 |
| 008 |
190915r20041996enka b 001 0 eng |
| 999 |
|
|
|c 41255
|d 41255
|
| 010 |
|
|
|a 2001277055
|
| 015 |
|
|
|a GBA1-V6660
|
| 020 |
|
|
|a 0761967389
|
| 020 |
|
|
|a 0761967397 (pbk)
|
| 020 |
|
|
|a 9780761967392
|
| 035 |
|
|
|a (OCoLC)ocm47939152
|
| 040 |
|
|
|a UKM
|c UKM
|d DLC
|d BD-DhAAL
|
| 042 |
|
|
|a lccopycat
|
| 043 |
|
|
|a e-uk---
|
| 050 |
0 |
0 |
|a LB1576
|b .B8724 2001
|
| 082 |
0 |
0 |
|a 372.60941
|2 21
|
| 100 |
1 |
|
|a Browne, Ann.
|9 34622
|
| 245 |
1 |
0 |
|a Developing language and literacy 3-8 /
|c Ann Browne.
|
| 250 |
|
|
|a Second edition
|
| 260 |
|
|
|a London :
|b P. Chapman Pub.,
|c 1996 [reprinted 2004]
|
| 300 |
|
|
|a viii, 280 pages :
|b illustrations ;
|c 24 cm.
|
| 504 |
|
|
|a Includes bibliographical references (p. 270-278) and index.
|
| 526 |
|
|
|a BIED
|
| 541 |
|
|
|a Complimentary copy from BIED
|e 35372
|
| 650 |
|
0 |
|a Language arts (Elementary)
|x Education
|z Great Britain.
|9 34623
|
| 650 |
|
0 |
|a Reading (Elementary)
|z Great Britain.
|9 34624
|
| 650 |
|
0 |
|a Language awareness in children
|z Great Britain.
|9 34625
|
| 852 |
|
|
|a Ayesha Abed Library
|c BIED Collection
|
| 942 |
|
|
|2 ddc
|c BK
|
| 952 |
|
|
|0 0
|1 0
|2 ddc
|4 0
|6 372_609410000000000_BRO
|7 0
|9 66308
|a BRACUL
|b BRACUL
|c GEN
|d 2019-09-15
|e Complimentary copy from BIED
|l 0
|o 372.60941 BRO
|p 3010035372
|r 2019-09-15
|t 1
|w 2019-09-15
|y BK
|x Transferred from BIED to General Stacks
|